[Event "St Petersburg Autumn op"]
[Site "St Petersburg"]
[Date "2011.11.03"]
[Round "7"]
[White "Vronskaya, Anna"]
[Black "Irinchinov, Vladimir"]
[Result "1/2-1/2"]
[WhiteElo "1864"]
[BlackElo "2050"]
[PlyCount "119"]
[EventDate "2011.10.28"]
[EventType "swiss"]
[EventRounds "9"]
[EventCountry "RUS"]
[SourceTitle "EXT 2013"]
[Source "ChessBase"]
[SourceDate "2012.11.22"]
[SourceVersion "1"]
[SourceVersionDate "2012.11.22"]
[SourceQuality "1"]

1. d4 d5 2. c4 c6 3. Nc3 Nf6 4. e3 g6 5. Nf3 Bg7 6. Bd3 0-0 7. 0-0 Bg4 8. h3 Bxf3 9. Qxf3 e6 10. Bd2 Nfd7 11. Rad1 f5 12. Qg3 Nf6 13. f3 Re8 14. Qf2 Rf8 15. Bc1 Nbd7 16. Qd2 Bh6 17. Qc2 Nb6 18. c5 Nc8 19. b4 a6 20. Qb2 Bg7 21. Bb1 b6 22. Qb3 bxc5 23. bxc5 Na7 24. a4 Rb8 25. Qa2 Rf7 26. e4 Rb4 27. Ba3 Rb8 28. Bc2 Nh5 29. e5 Ng3 30. Rf2 Bh6 31. Bc1 Bxc1 32. Rxc1 Qg5 33. f4 Qh4 34. Bd3 a5 35. Rb2 Rb4 36. Rxb4 axb4 37. Ne2 Nxe2+ 38. Bxe2 Qxf4 39. Rd1 Qe3+ 40. Kh1 f4 41. Rd3 Qc1+ 42. Kh2 Qe1 43. Bg4 Re7 44. Qd2 Qxd2 45. Rxd2 h5 46. Bd1 Kg7 47. Rf2 Rf7 48. h4 Kh6 49. Kh3 g5 50. g4 hxg4+ 51. Kxg4 gxh4 52. Kxh4 Rf8 53. Rf3 Rf5 54. Kg4 Rg5+ 55. Kxf4 Rf5+ 56. Kg4 Rxf3 57. Kxf3 Nc8 58. a5 Na7 59. a6 Nc8 60. Bc2 1/2-1/2

[Event "St Petersburg Rudenko Memorial (Women)"]
[Site "St Petersburg"]
[Date "2011.08.30"]
[Round "8"]
[White "Maidanova, Irina"]
[Black "Vronskaya, Anna"]
[Result "1/2-1/2"]
[WhiteElo "1861"]
[BlackElo "1864"]
[PlyCount "140"]
[EventDate "2011.08.23"]
[EventType "swiss"]
[EventRounds "9"]
[EventCountry "RUS"]
[SourceTitle "CBM 144 Extra"]
[Source "ChessBase"]
[SourceDate "2011.10.28"]
[SourceVersion "1"]
[SourceVersionDate "2011.10.28"]
[SourceQuality "1"]

1. e4 c5 2. Nf3 Nc6 3. Nc3 e6 4. d4 cxd4 5. Nxd4 Nf6 6. Ndb5 d6 7. Bf4 e5 8. Bg5 a6 9. Na3 b5 10. Nd5 Be7 11. Bxf6 Bxf6 12. c3 0-0 13. Nc2 Bg5 14. h4 Bf4 15. Qf3 Ne7 16. Nxf4 exf4 17. Qxf4 Be6 18. h5 Nc6 19. Be2 Ne5 20. Nd4 Qe7 21. 0-0 Kh8 22. Rfd1 Rg8 23. Qd2 Qh4 24. Qe3 Rad8 25. g3 Qh3 26. Qg5 Bg4 27. Bxg4 Nxg4 28. Nf3 Nf6 29. e5 h6 30. Qd2 Qxh5 31. exf6 Qxf3 32. fxg7+ Rxg7 33. Qd4 h5 34. Rd3 Qf5 35. Rad1 Rd7 36. Kg2 Kg8 37. Rf3 Qe6 38. Rf6 Qxa2 39. Rxd6 Rxd6 40. Qxd6 Qc4 41. Rd4 Qc8 42. Qh6 Rg6 43. Qxh5 Qc6+ 44. Kg1 Qf6 45. Qc5 Kg7 46. Qc8 Qc6 47. Qd8 Qf6 48. Kf1 Qxd8 49. Rxd8 Re6 50. f3 Kf6 51. Kf2 Ke7 52. Rd4 f5 53. Rf4 Re5 54. g4 fxg4 55. fxg4 Ke6 56. Rf8 Rd5 57. Ke2 a5 58. Re8+ Kd6 59. Re4 Kc6 60. Rd4 Re5+ 61. Kd2 a4 62. Kc2 Kc5 63. Kb1 Re1+ 64. Ka2 Re2 65. Rf4 Rg2 66. Rf5+ Kc4 67. Rf4+ Kc5 68. Rf5+ Kc4 69. Rf4+ Kc5 70. Rf5+ Kc4 1/2-1/2

[Event "St Petersburg Rudenko Memorial (Women)"]
[Site "St Petersburg"]
[Date "2011.08.27"]
[Round "5"]
[White "Vronskaya, Anna"]
[Black "Korchagina, Victoria"]
[Result "0-1"]
[WhiteElo "1864"]
[BlackElo "2109"]
[PlyCount "47"]
[EventDate "2011.08.23"]
[EventType "swiss"]
[EventRounds "9"]
[EventCountry "RUS"]
[SourceTitle "CBM 144 Extra"]
[Source "ChessBase"]
[SourceDate "2011.10.28"]
[SourceVersion "1"]
[SourceVersionDate "2011.10.28"]
[SourceQuality "1"]

1. d4 Nf6 2. c4 g6 3. Nc3 d5 4. cxd5 Nxd5 5. e4 Nxc3 6. bxc3 Bg7 7. Bc4 c5 8. Be3 0-0 9. Ne2 Nc6 10. 0-0 Na5 11. Bd3 b6 12. Qd2 e5 13. d5 f5 14. Bg5 Qe8 15. g3 f4 16. gxf4 h6 17. Bh4 Bh3 18. Rfd1 g5 19. fxg5 Qh5 20. Ng3 Qxh4 21. g6 Rf6 22. Bb5 Bf8 23. Qe3 c4 24. Rab1 0-1